00645nam a2200181 i 4500001000700000003000900007005001700016007000300033008004100036245007800077260004100155300003600196650004100232700002800273852002200301999001900323952012100342120301ES-MaACL20230906191522.0t|070214s1946 sp a |||| | spa d00aPoesía española actual / cselección y prólogo de Alfonso Moreno. aMadrid : bEditora Nacional, c1946. aVIII, 731 p. : bil. ; c19 cm. 4aPoesías españolas-yS.XX.9162211 aMoreno, Alfonso.983263 aES-MaACLjF-10100 c120301d120301 00104070aATENEOMbATENEOMcSPP2d2008-01-17eSCl0oF-10100p1125392r2023-02-23 00:00:00w2023-02-23yMONOGRAFIA